| 000 | 00906nam a2200241 a 4500 | ||
|---|---|---|---|
| 001 | 54570 | ||
| 003 | BD-RjUL | ||
| 005 | 20211209080135.0 | ||
| 008 | 161107s1989 bg ||||| |||| 00| 0 ben d | ||
| 020 | _c : Tk. 95.00 | ||
| 035 | _a(BD-RjUL)54692 | ||
| 040 |
_aBD-RjUL _bben _cBD-RjUL _dBD-RjUL |
||
| 041 | _aben | ||
| 082 |
_223 _a636.089 _bHOP 1989 |
||
| 100 |
_aহক, মোঃ মোজাম্মেল _9162772 |
||
| 245 | 1 | 0 |
_aপশুপাখির কীটতত্ত্ব / _cমোঃ মোজাম্মেল হক, |
| 260 |
_aঢাকা : _bবাংলা একাডেমী, _c১৯৮৮-১৯৮৯ |
||
| 300 |
_aখন্ড. : _bচিত্র ; _c২৪ সেমি. |
||
| 505 | _aখন্ড. ২. -- খন্ড. ১ -- | ||
| 650 |
_aভেটেরিনারি সায়েন্স _9162773 |
||
| 650 |
_aVeterinary Science _9162774 |
||
| 942 |
_2ddc _cBK |
||
| 999 |
_c54570 _d54570 |
||